[Event "the slow yearsend knockout"]
[Site "SchemingMind.com"]
[Date "2016.11.11"]
[Round "-"]
[White "Wojtek26"]
[Black "frankly"]
[Result "0-1"]
[WhiteCountry "POL"]
[BlackCountry "ENG"]
[WhiteElo "1548"]
[WhiteRD "48"]
[BlackElo "2509"]
[BlackRD "60"]
[GameID "406280"]

1. e4 c5 2. Nf3 Nc6 3. Bb5 e6 4. Nc3 Nge7 5. O-O a6 6. Be2 Nd4 7. Nxd4 cxd4 8. Nb1 Nc6 9. c3 Be7 10. d3 d5
11. exd5 exd5 12. Re1 O-O 13. Bf4 Bf6 14. a3 Re8 15. Bf3 Rxe1+ 16. Qxe1 Bf5 17. Qd2 Qd7 18. Kf1 Re8 19. h3 Na5 20. Qc2 Qb5
21. a4 Qxd3+ 22. Qxd3 Bxd3+ 23. Kg1 Re1+ 24. Kh2 dxc3 25. bxc3 Rxb1 26. Rxb1 Bxb1 27. Bxd5 Bxc3 28. Bc7 Nc6 29. Bb3 Nd4 30. Bd1 b5
31. axb5 axb5 32. Bb6 b4 33. Bxd4 Bxd4 34. Bb3 Bxf2 35. g4 Be4
0-1

[Event "the slow yearsend knockout"]
[Site "SchemingMind.com"]
[Date "2016.11.18"]
[Round "-"]
[White "emvarela"]
[Black "Janusz Szopa"]
[Result "0-1"]
[WhiteCountry "ARG"]
[BlackCountry "POL"]
[WhiteElo "1712"]
[WhiteRD "55"]
[BlackElo "2064"]
[BlackRD "83"]
[GameID "406626"]

1. e4 e6 2. d4 d5 3. Nc3 Bb4 4. e5 c5 5. a3 Bxc3+ 6. bxc3 Ne7 7. Qg4 Qc7 8. Qxg7 Rg8 9. Qxh7 cxd4 10. Ne2 Nbc6
11. f4 dxc3 12. Nxc3 Nd4 13. Bd2 Bd7 14. Qd3 Nef5 15. Rb1 b6 16. g3 Rc8 17. Rb4 Qc5
0-1

[Event "the slow yearsend knockout"]
[Site "SchemingMind.com"]
[Date "2016.11.19"]
[Round "-"]
[White "Janusz Szopa"]
[Black "emvarela"]
[Result "1-0"]
[WhiteCountry "POL"]
[BlackCountry "ARG"]
[WhiteElo "2064"]
[WhiteRD "83"]
[BlackElo "1712"]
[BlackRD "55"]
[GameID "406627"]

1. e4 e5 2. Nf3 Nc6 3. Bc4 Bc5 4. c3 Nf6 5. d4 exd4 6. cxd4 Bb4+ 7. Nc3 d5 8. exd5 Nxd5 9. O-O Nxc3 10. bxc3 Bxc3
11. Qb3 Bxd4 12. Bxf7+ Kf8 13. Nxd4
1-0

[Event "the slow yearsend knockout"]
[Site "SchemingMind.com"]
[Date "2016.11.19"]
[Round "-"]
[White "Aba"]
[Black "ray winteringham"]
[Result "1-0"]
[WhiteCountry "ISR"]
[BlackCountry "ENG"]
[WhiteElo "1774"]
[WhiteRD "78"]
[BlackElo "1473"]
[BlackRD "55"]
[GameID "406684"]

1. e4 c5 2. Nf3 Nc6 3. Bb5 d6 4. O-O Bd7 5. Re1 e5 6. Nc3 Be7 7. d3 Nf6 8. h3 h6 9. a4 a6 10. Bc4 O-O
11. Bd2 Kh8 12. Nd5 Rg8 13. g4 Nxd5 14. Bxd5 Rf8 15. Kg2 Rb8 16. Rh1 f6 17. Nh4 Be8 18. c3 f5 19. Nxf5 Bg6 20. f3 Qd7
21. h4 b5 22. a5 Bxf5 23. exf5 Qc7 24. b4 Na7 25. Rc1 Nc6 26. f4 Qd7 27. Be6 Qd8 28. h5 Qe8 29. g5 Kh7 30. gxh6 gxh6
31. Kf2 Rf6 32. Qg4 Qh8 33. Rcg1 cxb4 34. cxb4 Nd4 35. Bd5 Rxf5 36. Be4 Rf8 37. Bxf5+ Nxf5 38. Qg6#
1-0

[Event "the slow yearsend knockout"]
[Site "SchemingMind.com"]
[Date "2016.11.19"]
[Round "-"]
[White "ray winteringham"]
[Black "Aba"]
[Result "0-1"]
[WhiteCountry "ENG"]
[BlackCountry "ISR"]
[WhiteElo "1473"]
[WhiteRD "55"]
[BlackElo "1774"]
[BlackRD "78"]
[GameID "406685"]

1. d4 Nf6 2. Nf3 g6 3. e3 Bg7 4. c4 d5 5. Bd2 Nc6 6. Nc3 Bf5 7. Be2 a6 8. a3 O-O 9. c5 Re8 10. b4 e5
11. dxe5 Nxe5 12. O-O c6 13. h3 Nxf3+ 14. Bxf3 b6 15. cxb6 Qxb6 16. Na4 Qc7 17. Nc5 Nd7 18. Nb3 Bxa1 19. Qxa1 Ne5 20. Qd1 Nxf3+
21. Qxf3 Be4 22. Qe2 Re5 23. Nc5 Rg5 24. f3 Bf5 25. e4 Be6 26. Bxg5 Qe5 27. f4 Qd4+ 28. Kh2 dxe4 29. Nxe4 Bc4 30. Bf6 Bxe2
31. Bxd4 Bxf1 32. Bc5 Rd8 33. Nd6 Rd7 34. Kg1 Be2 35. Kf2 Bd1 36. Kg3 Re7 37. Kh4 Re2 38. g3 f5 39. g4 fxg4 40. hxg4 Rg2
41. Ne4 Rxg4+ 42. Kh3 Rxf4 43. Ng5 h6 44. Ne6 Rf3+ 45. Kg2 Rxa3 46. b5 Bf3+ 47. Kf2 Rc3 48. Bd4 Rd3 49. bxa6 c5 50. a7 cxd4
51. Nxd4 Rxd4 52. Kxf3 Ra4
0-1

[Event "the slow yearsend knockout"]
[Site "SchemingMind.com"]
[Date "2016.11.20"]
[Round "-"]
[White "maro"]
[Black "Thomas Jacob Kelly"]
[Result "0-1"]
[WhiteCountry "MEX"]
[BlackCountry "USA"]
[WhiteElo "1400"]
[WhiteRD "63"]
[BlackElo "1763"]
[BlackRD "99"]
[GameID "406689"]

1. c4 e5 2. e3 Nf6 3. b3 Nc6 4. Bb2 Bb4 5. Bc3 Qe7 6. Bd3 O-O 7. Ne2 d5 8. cxd5 Nxd5 9. Bxb4 Ndxb4 10. Be4 Bd7
11. a3 f5 12. Bc2 Nxc2+ 13. Qxc2 f4 14. exf4 exf4 15. Nc3 Nd4 16. Qd3 f3 17. Qc4+ Be6 18. Qxd4 fxe2 19. Nxe2 Bxb3 20. Qe3 Qxe3
21. dxe3 c5 22. O-O Bc4 23. Rfe1 Rf7 24. Nf4 Re8 25. Rac1 b5 26. h4 g6 27. g4 Kg7 28. Red1 Bb3 29. Rd6 c4 30. g5 Rfe7
31. Rc3 Kf7 32. Rf6+ Kg8 33. h5 gxh5 34. Nxh5 Re5 35. f4 Rxe3 36. Rxe3 Rxe3 37. g6 Rh3 38. gxh7+ Kxh7 39. Rf5 Bd1 40. Rxb5 Rxh5
41. Rxh5+ Bxh5
0-1

[Event "the slow yearsend knockout"]
[Site "SchemingMind.com"]
[Date "2016.11.20"]
[Round "-"]
[White "Thomas Jacob Kelly"]
[Black "maro"]
[Result "1-0"]
[WhiteCountry "USA"]
[BlackCountry "MEX"]
[WhiteElo "1751"]
[WhiteRD "98"]
[BlackElo "1407"]
[BlackRD "60"]
[GameID "406690"]

1. e4 e6 2. d4 g6 3. Nf3 Bh6 4. d5 Nf6 5. Bxh6 Nxe4 6. Qd4 Qf6 7. Qxf6 Nxf6 8. Bg7 Rg8 9. Bxf6 exd5 10. Nc3 c6
11. Kd2 b5 12. Ng5 b4 13. Re1+ Kf8 14. Nxh7#
1-0

[Event "the slow yearsend knockout"]
[Site "SchemingMind.com"]
[Date "2016.11.25"]
[Round "-"]
[White "Juan Jose Rivas Maceda"]
[Black "Henk Miedema"]
[Result "1-0"]
[WhiteCountry "PER"]
[BlackCountry "NED"]
[WhiteElo "2584"]
[WhiteRD "99"]
[BlackElo "891"]
[BlackRD "63"]
[GameID "406791"]

1. e4 e5 2. Nf3 Nf6 3. d4 Qe7 4. dxe5 Nxe4 5. Bc4 f5 6. O-O Qb4 7. Qe2 Qe7 8. Nbd2 Qc5 9. Nxe4 Qb6 10. Nd6+ cxd6
11. exd6+ Kd8 12. Bg5+ Be7 13. Qxe7#
1-0

[Event "the slow yearsend knockout"]
[Site "SchemingMind.com"]
[Date "2016.11.24"]
[Round "-"]
[White "Henk Miedema"]
[Black "Juan Jose Rivas Maceda"]
[Result "0-1"]
[WhiteCountry "NED"]
[BlackCountry "PER"]
[WhiteElo "891"]
[WhiteRD "63"]
[BlackElo "2584"]
[BlackRD "99"]
[GameID "406792"]

1. d4 d5 2. Nc3 Nf6 3. Nf3 e6 4. Bf4 Bb4 5. Qd3 O-O 6. O-O-O c5 7. Bd2 c4 8. Qe3 Ng4 9. Qg5 Nxf2 10. Rg1 f6
11. Qe3 Nxd1 12. Kxd1 Nc6 13. Nb5 Bxd2 14. Qxd2 Qb6 15. b4 Qxb5 16. a3 a5 17. Qc3 axb4 18. axb4 Nxb4 19. g3 Na2 20. Qe3 Qb1+
21. Kd2 Qc1#
0-1

[Event "the slow yearsend knockout"]
[Site "SchemingMind.com"]
[Date "2016.11.24"]
[Round "-"]
[White "Chessibelle"]
[Black "John Hamer"]
[Result "0-1"]
[WhiteCountry "ENG"]
[BlackCountry "ENG"]
[WhiteElo "1135"]
[WhiteRD "63"]
[BlackElo "1973"]
[BlackRD "67"]
[GameID "406856"]

1. Nf3 d5 2. d4 Nf6 3. e3 e6 4. b3 Ne4 5. Be2 Nc6 6. O-O Bd7 7. Nbd2 Nc3 8. Qe1 Be7 9. Bd3 a6 10. e4 dxe4
11. Nxe4 Nxe4 12. Qxe4 f5 13. Qf4 Bd6 14. Qe3 O-O 15. h3 Qf6 16. Bb2 Rad8 17. c4 Rfe8 18. Bc2 Nb4 19. Bd1 c5 20. dxc5 Qxb2
21. Be2 Be7 22. Ne5 Nc2 23. Qd2 Qxe5 24. Qxc2 Bxc5 25. Bf3 Bd6 26. g3 Bc5 27. Kg2 Bd4 28. Rae1 Qc7 29. g4 fxg4 30. hxg4 g6
31. b4 Rf8 32. Kh3 Rxf3+ 33. Kg2 Bxf2 34. Kxf3 Qg3+ 35. Ke2 Qe3+
0-1

[Event "the slow yearsend knockout"]
[Site "SchemingMind.com"]
[Date "2016.11.24"]
[Round "-"]
[White "John Hamer"]
[Black "Chessibelle"]
[Result "1-0"]
[WhiteCountry "ENG"]
[BlackCountry "ENG"]
[WhiteElo "1973"]
[WhiteRD "67"]
[BlackElo "1135"]
[BlackRD "63"]
[GameID "406857"]

1. d4 d5 2. Nf3 Nf6 3. c4 e6 4. e3 Nc6 5. Nc3 Bb4 6. Bd3 g6 7. O-O Ba5 8. cxd5 exd5 9. Re1 Bg4 10. Bd2 O-O
11. h3 Be6 12. Rc1 Re8 13. Ng5 Bd7 14. a3 Ne7 15. b4 Bb6 16. Qb3 c6 17. b5 Bc7 18. a4 b6 19. bxc6 Nxc6 20. Nxd5 Be6
21. Nxf6+ Qxf6 22. Nxe6 Rxe6 23. d5 Be5 24. dxe6 fxe6 25. Rxc6 Rf8 26. f4 Bb8 27. Rxe6 Qh4 28. Rxg6+ Kh8 29. Bc3+
1-0

[Event "the slow yearsend knockout"]
[Site "SchemingMind.com"]
[Date "2016.11.26"]
[Round "-"]
[White "im_cincinnati_kid37"]
[Black "black cloud"]
[Result "0-1"]
[WhiteCountry "USA"]
[BlackCountry "ENG"]
[WhiteElo "1348"]
[WhiteRD "83"]
[BlackElo "1841"]
[BlackRD "82"]
[GameID "407051"]

1. e4 e6 2. d4 d5 3. Nc3 Bb4 4. e5 Ne7 5. Bd2 c5 6. dxc5 Nd7 7. Nf3 Nxc5 8. Nd4 Qc7 9. a3 Bxc3 10. Bxc3 Qxe5+
11. Ne2 Qc7 12. Bxg7 Rg8 13. Bf6 b6 14. g3 Ne4 15. Bxe7 Qxe7 16. Nd4 Bb7 17. Bd3 O-O-O 18. O-O Qf6 19. Nf3 h5 20. Bxe4 dxe4
21. Nd2 h4 22. c3 hxg3 23. fxg3 Qg6 24. Qe2 f5 25. Nc4 Ba6 26. b3 Rd3 27. Ra2 Bxc4 28. bxc4 Rxg3+ 29. Kf2 Rf3+ 30. Ke1 Rxf1+
31. Qxf1 Qg5 32. c5 Qe3+ 33. Re2 Qxc3+ 34. Kf2 Qd4+ 35. Re3 f4 36. Qd3 fxe3+
0-1

[Event "the slow yearsend knockout"]
[Site "SchemingMind.com"]
[Date "2016.11.26"]
[Round "-"]
[White "black cloud"]
[Black "im_cincinnati_kid37"]
[Result "1-0"]
[WhiteCountry "ENG"]
[BlackCountry "USA"]
[WhiteElo "1841"]
[WhiteRD "82"]
[BlackElo "1348"]
[BlackRD "83"]
[GameID "407052"]

1. Nf3 Nf6 2. g3 d6 3. Bg2 e5 4. d3 g6 5. c4 Bd7 6. Nc3 Bc6 7. Rb1 Bg7 8. b4 Nbd7 9. b5 Bxf3 10. Bxf3 Nc5
11. Qc2 Rb8 12. O-O O-O 13. a4 b6 14. Bg5 Qc8 15. Bxf6 Bxf6 16. Nd5 Bd8 17. e3 h5 18. d4 Ne6 19. dxe5 dxe5 20. Bg2 f6
21. Qxg6+ Ng7 22. f4 Qf5 23. Qxf5 Nxf5 24. fxe5 Nh6 25. e6 Nf5 26. Bh3 Ne7 27. Nxf6+ Kh8 28. Nd7 Rc8 29. Rxf8+ Kg7 30. Rbf1 Ng6
31. R8f7+ Kg8 32. Bf5 Nh8 33. Bh7#
1-0

[Event "the slow yearsend knockout"]
[Site "SchemingMind.com"]
[Date "2016.11.29"]
[Round "-"]
[White "roscoe"]
[Black "dadshane2000"]
[Result "0-1"]
[WhiteCountry "USA"]
[BlackCountry "USA"]
[WhiteElo "1314"]
[WhiteRD "87"]
[BlackElo "1921"]
[BlackRD "83"]
[GameID "407135"]

1. Nf3 g6 2. d4 Bg7 3. g3 c5 4. c4 Nf6 5. Nbd2 O-O 6. Bg2 cxd4 7. Nxd4 Nc6 8. e3 Nxd4 9. exd4 d5 10. c5 Bg4
11. Nf3 Qa5+ 12. Bd2 Qb5 13. h3 Bf5 14. Bf1 Qxb2 15. Qc1 Qxc1+ 16. Bxc1 Be4 17. Bg2 Nd7 18. O-O Nxc5 19. Ba3 Ne6 20. Bb2 Rfc8
21. Rac1 Bh6 22. Rxc8+ Rxc8 23. Ne5 Bxg2 24. Kxg2 Rc2 25. Ba3 Kf8 26. Rb1 b6 27. Rb2 Rxb2 28. Bxb2 Ke8 29. Nc6 a5 30. Ba3 Bg5
31. Bb2 Bf6 32. f4 Kd7 33. Ne5+ Bxe5 34. fxe5 Nc7 35. a4 b5 36. axb5 Nxb5 37. Kf2 a4
0-1

[Event "the slow yearsend knockout"]
[Site "SchemingMind.com"]
[Date "2016.11.28"]
[Round "-"]
[White "dadshane2000"]
[Black "roscoe"]
[Result "1-0"]
[WhiteCountry "USA"]
[BlackCountry "USA"]
[WhiteElo "1903"]
[WhiteRD "83"]
[BlackElo "1355"]
[BlackRD "88"]
[GameID "407136"]

1. e4 e5 2. Nf3 d6 3. d4 exd4 4. Nxd4 Nf6 5. Nc3 g6 6. Be2 Bg7 7. O-O O-O 8. f4 h5 9. f5 d5 10. Bg5 Qd7
11. e5 Ne4 12. Nxe4 dxe4 13. f6 Bh8 14. Bc4 a6 15. e6 Qd6 16. exf7+ Kh7 17. Bb3 Nc6 18. Nxc6 bxc6 19. h4 Be6 20. Qxd6 cxd6
21. Bxe6 d5 22. Be3 d4 23. Bxd4
1-0

[Event "the slow yearsend knockout"]
[Site "SchemingMind.com"]
[Date "2016.11.27"]
[Round "-"]
[White "abuteague"]
[Black "cnile"]
[Result "1-0"]
[WhiteCountry "USA"]
[BlackCountry "SCO"]
[WhiteElo "1598"]
[WhiteRD "62"]
[BlackElo "1490"]
[BlackRD "60"]
[GameID "407159"]

1. d4 d5 2. c4 e6 3. Nc3 Nf6 4. Bf4 c6 5. h3 Qa5 6. e3 Bb4 7. Qc2 Ne4 8. Ne2 Nd7 9. f3 Nxc3 10. Nxc3 Be7
11. Bg3 Bg5 12. Bf2 O-O 13. Bd3 dxc4 14. Bxh7+ Kh8 15. O-O b5 16. Be4 Qc7 17. b3 cxb3 18. axb3 a6 19. Nxb5 Qb6 20. Nd6 Rb8
21. Rab1 Nf6 22. Qxc6 Qxc6 23. Bxc6 Rb6 24. Rfc1 Bd7 25. Bxd7 Rxd6 26. Ba4 Nd5 27. f4 Be7 28. Rb2 Nb4 29. Rc4 Nd3 30. Rbc2 Nxf2
31. Kxf2 a5 32. Rc8 Rxc8 33. Rxc8+ Kh7 34. Rc7 Bd8 35. Rxf7 Rb6 36. Rd7 Bf6 37. g4 Bh4+ 38. Kf3 Kg6 39. Rc7 Be1 40. Rc6
1-0

[Event "the slow yearsend knockout"]
[Site "SchemingMind.com"]
[Date "2016.11.28"]
[Round "-"]
[White "cnile"]
[Black "abuteague"]
[Result "0-1"]
[WhiteCountry "SCO"]
[BlackCountry "USA"]
[WhiteElo "1490"]
[WhiteRD "60"]
[BlackElo "1598"]
[BlackRD "62"]
[GameID "407160"]

1. e4 d6 2. Nf3 Bg4 3. d4 Nf6 4. Nc3 c6 5. Be2 Qa5 6. O-O e5 7. dxe5 dxe5 8. Bd2 Bb4 9. h3 Bxf3 10. Bxf3 O-O
11. Re1 Na6 12. a3 Bxc3 13. Bxc3 Qc7 14. b4 Rad8 15. Qe2 Qe7 16. Rad1 Nc7 17. Qc4 Rxd1 18. Rxd1 Nd7 19. Qe2 Nf6 20. Bb2 Nb5
21. c4 Nc7 22. Qe3 Rd8 23. Qxa7 Rxd1+ 24. Bxd1 Nce8 25. Qb8 Nxe4 26. Bc2 Nf6 27. Qxe5 Qxe5 28. Bxe5 h6 29. Bf5 b6 30. a4 Kf8
31. Bd7 Nxd7 32. a5 Nxe5 33. axb6 Nd6 34. c5 Nb7 35. b5 Nxc5 36. bxc6 Nxc6 37. f4 Na4 38. b7 Nc5 39. b8=Q+ Nxb8
0-1

[Event "the slow yearsend knockout"]
[Site "SchemingMind.com"]
[Date "2016.11.29"]
[Round "-"]
[White "Steven DuCharme"]
[Black "Quaff"]
[Result "1-0"]
[WhiteCountry "USA"]
[BlackCountry "ENG"]
[WhiteElo "1488"]
[WhiteRD "54"]
[BlackElo "1595"]
[BlackRD "69"]
[GameID "407194"]

1. g3 e5 2. d3 d5 3. Bg2 c6 4. e3 Bd6 5. Ne2 Nf6 6. b3 Be6 7. Bb2 Nbd7 8. O-O O-O 9. Nd2 h6 10. f4 exf4
11. Nxf4 Bxf4 12. exf4 Nh7 13. c4 dxc4 14. Nxc4 Qc7 15. Re1 Ndf6 16. Be5 Qd7 17. Qc2 Ne8 18. Rad1 f6 19. Bc3 Nc7 20. d4 Rfe8
21. Ne3 f5 22. h4 Rf8 23. Nc4 Bxc4 24. bxc4 Nf6 25. Bb4 Rfe8 26. a3 Rxe1+ 27. Bxe1 Ng4 28. d5 cxd5 29. Qb3 dxc4 30. Rxd7 cxb3
31. Rxc7 b2 32. Rxb7 Re8 33. Bc3 Re1+ 34. Bxe1
1-0

[Event "the slow yearsend knockout"]
[Site "SchemingMind.com"]
[Date "2016.11.30"]
[Round "-"]
[White "Quaff"]
[Black "Steven DuCharme"]
[Result "1-0"]
[WhiteCountry "ENG"]
[BlackCountry "USA"]
[WhiteElo "1595"]
[WhiteRD "69"]
[BlackElo "1488"]
[BlackRD "54"]
[GameID "407195"]

1. e4 c6 2. f4 d6 3. Nf3 Bg4 4. Be2 Nf6 5. d3 Nbd7 6. O-O e6 7. h3 Bxf3 8. Bxf3 Be7 9. Be3 h5 10. e5 dxe5
11. fxe5 Nxe5 12. Be2 Nd5 13. Bf2 Nf4 14. Bg3 Nxe2+ 15. Qxe2 Bc5+ 16. Kh1 Ng6 17. Nc3 h4 18. Bh2 Bd6 19. Qf3 f6 20. Qg4 Kf7
21. Rae1 Qe7 22. Bxd6 Qxd6 23. Ne4 Qe7 24. Ng5+
1-0

[Event "the slow yearsend knockout"]
[Site "SchemingMind.com"]
[Date "2016.11.29"]
[Round "-"]
[White "fu_manchu"]
[Black "Scooter"]
[Result "1-0"]
[WhiteCountry "CAN"]
[BlackCountry "USA"]
[WhiteElo "1867"]
[WhiteRD "69"]
[BlackElo "1717"]
[BlackRD "54"]
[GameID "407238"]

1. Nf3 Nf6 2. g3 g6 3. Bg2 Bg7 4. O-O O-O 5. d4 c6 6. c4 d5 7. c5 Bg4 8. Nc3 Bxf3 9. Bxf3 Nbd7 10. e3 e5
11. Qc2 e4 12. Bg2 Re8 13. b4 b6 14. cxb6 axb6 15. Bb2 c5 16. dxc5 bxc5 17. b5 Nb6 18. Rfd1 d4 19. exd4 cxd4 20. Nxe4 Nxe4
21. Bxe4 Rc8 22. Qd3 Qe7 23. Bc6 Red8 24. Ba3 Qe6 25. Re1 Qc4 26. Qxc4 Nxc4 27. Bb4 d3 28. Rab1 d2 29. Red1 Bb2 30. Bxd2 Rxd2
31. Rxd2 Nxd2 32. Rxb2 Nc4 33. Re2 Nd6 34. a4 Nf5 35. Re8+
1-0

[Event "the slow yearsend knockout"]
[Site "SchemingMind.com"]
[Date "2016.11.29"]
[Round "-"]
[White "Scooter"]
[Black "fu_manchu"]
[Result "0-1"]
[WhiteCountry "USA"]
[BlackCountry "CAN"]
[WhiteElo "1738"]
[WhiteRD "54"]
[BlackElo "1837"]
[BlackRD "72"]
[GameID "407239"]

1. d4 Nf6 2. Nf3 g6 3. Bf4 Bg7 4. e3 O-O 5. Be2 d6 6. O-O Nbd7 7. Nbd2 c5 8. c3 cxd4 9. cxd4 Nb6 10. b3 Nbd5
11. Bg5 Nc3 12. Qe1 Nxe2+ 13. Qxe2 b6 14. Rac1 Bb7 15. Rc2 Rc8 16. Rfc1 Rxc2 17. Rxc2 Qd7 18. Qd3 Re8 19. b4 Bc6 20. Qb3 Ba4
0-1

[Event "the slow yearsend knockout"]
[Site "SchemingMind.com"]
[Date "2016.11.30"]
[Round "-"]
[White "nikita68"]
[Black "Torclyn"]
[Result "1-0"]
[WhiteCountry "RUS"]
[BlackCountry "GER"]
[WhiteElo "2335"]
[WhiteRD "154"]
[BlackElo "1964"]
[BlackRD "130"]
[GameID "407304"]

1. d4 d5 2. c4 e6 3. Nf3 Nf6 4. Nc3 Bb4 5. cxd5 exd5 6. Bg5 O-O 7. e3 c5 8. Be2 Nbd7 9. O-O Qa5 10. Qc2 Bxc3
11. bxc3 Ne4 12. c4 cxd4 13. exd4 Nxg5 14. Nxg5 Nf6 15. c5 Bd7 16. Bd3 g6 17. f4 Ng4 18. Rfe1 Rfe8 19. Nf3 Ba4 20. Qb2 b6
21. Qa3 Rac8 22. Rxe8+ Rxe8 23. h3 Ne3 24. Rc1
1-0

[Event "the slow yearsend knockout"]
[Site "SchemingMind.com"]
[Date "2016.11.30"]
[Round "-"]
[White "Torclyn"]
[Black "nikita68"]
[Result "0-1"]
[WhiteCountry "GER"]
[BlackCountry "RUS"]
[WhiteElo "1964"]
[WhiteRD "130"]
[BlackElo "2335"]
[BlackRD "154"]
[GameID "407305"]

1. d4 Nf6 2. c4 e6 3. Nc3 d5 4. cxd5 exd5 5. Bg5 Be7 6. e3 c6 7. Bd3 h6 8. Bf4 O-O 9. Nge2 Nh5 10. Be5 Bd6
11. Ng3 Bxe5 12. dxe5 Nxg3 13. hxg3 Qg5 14. Rh5 Bg4 15. Rxg5 Bxd1 16. Rf5 Bg4 17. Rf4 Be6 18. Rh4 Nd7 19. f4 f6 20. exf6 Nxf6
21. O-O-O Rae8 22. e4 dxe4 23. Nxe4 Nxe4 24. Bxe4 Bxa2 25. Bf3 Bb3 26. Rd3 Bc4 27. Ra3 a6 28. f5 Bb5
0-1

[Event "the slow yearsend knockout"]
[Site "SchemingMind.com"]
[Date "2016.12.02"]
[Round "-"]
[White "VLNT_1"]
[Black "chesshub"]
[Result "0-1"]
[WhiteCountry "USA"]
[BlackCountry "FRA"]
[WhiteElo "1175"]
[WhiteRD "97"]
[BlackElo "2568"]
[BlackRD "81"]
[GameID "407357"]

1. d4 Nf6 2. Qd3 d5 3. Bd2 c5 4. Nc3 cxd4 5. Qxd4 Nc6 6. Qd3 e5 7. O-O-O Be6 8. Qb5 a6 9. Qd3 Nb4 10. Qe3 d4
11. Qxe5 dxc3 12. bxc3 Nc6 13. Qe3 Ng4 14. Qf3 Ba3+ 15. Kb1 Qb6+ 16. Ka1 Qb2#
0-1

[Event "the slow yearsend knockout"]
[Site "SchemingMind.com"]
[Date "2016.12.02"]
[Round "-"]
[White "chesshub"]
[Black "VLNT_1"]
[Result "1-0"]
[WhiteCountry "FRA"]
[BlackCountry "USA"]
[WhiteElo "2568"]
[WhiteRD "81"]
[BlackElo "1175"]
[BlackRD "97"]
[GameID "407358"]

1. e4 e5 2. Nf3 d6 3. d4 Be7 4. dxe5 c5 5. Bb5+ Nc6 6. Nc3 a6 7. Bxc6+ bxc6 8. Bf4 f6 9. exd6 Bf8 10. e5 g5
11. Nxg5 fxg5 12. Qh5+ Kd7 13. Qf7+ Ne7 14. e6#
1-0

[Event "the slow yearsend knockout"]
[Site "SchemingMind.com"]
[Date "2016.12.04"]
[Round "-"]
[White "Kenny Elliott"]
[Black "anne"]
[Result "0-1"]
[WhiteCountry "USA"]
[BlackCountry "GER"]
[WhiteElo "1584"]
[WhiteRD "82"]
[BlackElo "2211"]
[BlackRD "71"]
[GameID "407433"]

1. d4 d5 2. c4 g6 3. Nf3 Nf6 4. e3 c6 5. Nc3 Bg7 6. Be2 O-O 7. O-O e6 8. Qb3 Nbd7 9. cxd5 cxd5 10. Bb5 a6
11. Bxd7 Nxd7 12. e4 dxe4 13. Nxe4 b5 14. Be3 Bb7 15. Nd6 Bd5 16. Qc3 Nf6 17. Qb4 Bxf3 18. gxf3 Nd5 19. Nxf7 Rxf7 20. Qd2 Qh4
21. Kh1 Rxf3 22. Rg1 Nxe3 23. fxe3 Rf2 24. Qxf2 Qxf2 25. Rad1 Qf3+ 26. Rg2 Qxd1+
0-1

[Event "the slow yearsend knockout"]
[Site "SchemingMind.com"]
[Date "2016.12.04"]
[Round "-"]
[White "anne"]
[Black "Kenny Elliott"]
[Result "1-0"]
[WhiteCountry "GER"]
[BlackCountry "USA"]
[WhiteElo "2222"]
[WhiteRD "75"]
[BlackElo "1580"]
[BlackRD "80"]
[GameID "407434"]

1. Nf3 Nf6 2. d4 d5 3. c4 dxc4 4. e3 b5 5. a4 c6 6. axb5 cxb5 7. Nc3 a6 8. Nxb5 Bd7 9. Nc3 Qc7 10. Qe2 g6
11. Qxc4 Qxc4 12. Bxc4 Bg7 13. Ne5 O-O 14. Nxd7 Nbxd7 15. Rxa6 Rxa6 16. Bxa6 Ra8 17. Be2 Ra1 18. O-O Nb6 19. e4 Nfd7 20. Be3 Ra8
21. f3 e6 22. Kf2 Na4 23. Ra1 Ndb6 24. Nxa4 Nxa4 25. b4 Bf8 26. b5 Nb6 27. Ra6 Rxa6 28. bxa6 Bb4 29. d5 Ba5 30. d6 Na8
31. Bb5 h6 32. Bc6
1-0

[Event "the slow yearsend knockout"]
[Site "SchemingMind.com"]
[Date "2016.12.05"]
[Round "-"]
[White "Clive Everill"]
[Black "greghghs"]
[Result "0-1"]
[WhiteCountry "CZE"]
[BlackCountry "ENG"]
[WhiteElo "1662"]
[WhiteRD "55"]
[BlackElo "2111"]
[BlackRD "67"]
[GameID "407440"]

1. e4 c5 2. Nf3 d6 3. c3 Nf6 4. h3 Nc6 5. Bd3 d5 6. e5 Nd7 7. Bb5 Qb6 8. Ba4 c4 9. d4 cxd3 10. O-O e6
11. Qxd3 Nc5 12. Qd1 Nxa4 13. Qxa4 Bd7 14. Qg4 g6 15. Nbd2 Bg7 16. Re1 a5 17. a4 O-O 18. b3 f6 19. Ba3 Rf7 20. Bd6 Nxe5
21. Bxe5 fxe5 22. Qg3 e4 23. Ng5 Rf5 24. Rac1 Raf8 25. Ngxe4 dxe4 26. Nxe4 Bc6 27. Qe3 Qxe3 28. Rxe3 Bh6
0-1

[Event "the slow yearsend knockout"]
[Site "SchemingMind.com"]
[Date "2016.12.05"]
[Round "-"]
[White "greghghs"]
[Black "Clive Everill"]
[Result "1-0"]
[WhiteCountry "ENG"]
[BlackCountry "CZE"]
[WhiteElo "2111"]
[WhiteRD "67"]
[BlackElo "1662"]
[BlackRD "55"]
[GameID "407441"]

1. e4 d6 2. d4 Nd7 3. Nf3 c6 4. Nc3 e5 5. Bc4 Be7 6. a4 Ngf6 7. a5 O-O 8. O-O Rb8 9. Qe2 Qc7 10. d5 cxd5
11. Bxd5 a6 12. Be3 Nc5 13. Qc4 b5 14. axb6 Qxb6 15. Rfb1 Qc7 16. b4 Ne6 17. Bxe6 Qxc4 18. Bxc4 Bb7 19. Nd5 Nxd5 20. Bxd5 Bc8
21. c4 Kh8 22. b5 axb5 23. cxb5 Bg4 24. Ra7 Rfe8 25. Bxf7 Rec8 26. Rxe7 Bxf3 27. gxf3 g6 28. Bg5
1-0

[Event "the slow yearsend knockout"]
[Site "SchemingMind.com"]
[Date "2016.12.08"]
[Round "-"]
[White "Juan Jose Rivas Maceda"]
[Black "John Hamer"]
[Result "1-0"]
[WhiteCountry "PER"]
[BlackCountry "ENG"]
[WhiteElo "2572"]
[WhiteRD "96"]
[BlackElo "1975"]
[BlackRD "71"]
[GameID "407603"]

1. e4 e5 2. Nf3 Nf6 3. d4 Nxe4 4. Bd3 d5 5. Nxe5 Bd6 6. O-O O-O 7. c4 c6 8. Nc3 Nxc3 9. bxc3 Nd7 10. f4 Nf6
11. Qc2 dxc4 12. Nxc4 b5 13. Ne5 Bb7 14. Be3 Re8 15. Bf2 c5 16. Bxb5 Re6 17. Bc4 Bd5 18. Bxd5 Nxd5 19. dxc5 Nxf4 20. Nxf7 Kxf7
21. cxd6 Qxd6= 22. Rad1 Qe7 23. Bd4 Re4 24. g3 Rd8 25. Rxf4+ Rxf4 26. gxf4 Kg8 27. Qb3+ Kh8 28. Be5 Qc5+ 29. Kg2 Rg8 30. Rd6 Qc8
31. Qd5 Qf5 32. Rd8 Qg6+ 33. Kf1 Qa6+ 34. c4
1-0

[Event "the slow yearsend knockout"]
[Site "SchemingMind.com"]
[Date "2016.12.08"]
[Round "-"]
[White "John Hamer"]
[Black "Juan Jose Rivas Maceda"]
[Result "0-1"]
[WhiteCountry "ENG"]
[BlackCountry "PER"]
[WhiteElo "1983"]
[WhiteRD "71"]
[BlackElo "2564"]
[BlackRD "87"]
[GameID "407604"]

1. d4 d5 2. c4 e6 3. Nf3 Nf6 4. Nc3 h6 5. Bf4 Bd6 6. e3 Bxf4 7. exf4 O-O 8. Bd3 dxc4 9. Bxc4 a6 10. O-O Qd6
11. Qd2 b5 12. Bd3 Bb7 13. Rad1 Bxf3 14. gxf3 Nc6 15. Be4 Rfd8 16. Ne2 Rab8 17. Qd3 Nd5 18. f5 exf5 19. Bxf5 Nf4 20. Bh7+ Kh8
21. Nxf4 Qxf4 22. Be4 Nxd4 23. Qe3 Qd6 24. Rfe1 c5 25. f4 Re8 26. f5 Qf6 27. Qf4 Re5 28. Re3 Rd8 29. Kh1= g5 30. Qg3 Kg7
31. Bd3 Rxf5 32. Rf1 Rf4 33. b3 c4 34. bxc4 bxc4 35. Be4 c3 36. f3 Re8 37. Rc1 Nf5
0-1